Pays des Next Eleven - Statistiques

Statistiques générales
  • Ce quiz a été pris 366 fois
  • Le résultat moyen est 6 sur 11
Statistiques - réponses
Pays % Correct
Indonésie
73%
Egypte
68%
Viet Nam
65%
Iran
63%
Mexique
63%
Turquie
63%
Nigeria
57%
Pakistan
56%
Philippines
48%
Bangladesh
41%
Corée du Sud
36%
Aucun quiz correspondant
Distribution des résultats
% des personnes avec chaque résultat
Percentile par nombre de réponses
Votre historique - résultats
Vous n’avez pas pris ce quiz